| 000 | 00745nam a2200229Ia 4500 | ||
|---|---|---|---|
| 003 | GCL | ||
| 008 | 140319s9999 xx 000 0 ara d | ||
| 040 |
_aGCL / _cGCL |
||
| 082 | 0 | 4 |
_a251.8 _bح ا |
| 100 | 1 | _aحمادى العبيدى | |
| 245 | 1 | 0 |
_aابن رشد: وعلوم الشريعة الاسلامية / _cحمادى العبيدى |
| 260 |
_a[S.N] : _bدار الفكر العربى ، _c1991 |
||
| 300 | _a246 ص | ||
| 490 | _a | ||
| 650 | 0 | 4 | _aالفلسفة الاسلامية |
| 650 | 0 | 4 | _aالشريعة الاسلامية |
| 650 | 0 | 4 | _aالفقه الاسلامى |
| 650 | 0 | 4 | _aالتشريع |
| 650 | 0 | 4 | _aابن رشد، ابوالوليد محمد بن احمد |
| 650 | 0 | 4 | _aعلم الكلام |
| 942 |
_2ddc _cBK |
||
| 999 |
_c36281 _d36281 |
||